| 000 | 00419nam a2200169Ia 4500 | ||
|---|---|---|---|
| 008 | 170705s9999 xx 000 0 und d | ||
| 020 | _a439441595 | ||
| 245 | _aDolphin's big leap! / | ||
| 245 | _cKimberly Weinberger ; illustrated by Debra Ziss. | ||
| 260 | _aNew York : | ||
| 260 | _bScholastic, | ||
| 260 | _c2003 | ||
| 300 | _aunpaged : | ||
| 300 | _bcolor illustration ; | ||
| 300 | _c23cm. | ||
| 500 | _aBR | ||
| 999 |
_c336752 _d336752 |
||